<?xml version="1.0" encoding="UTF-8"?>
<record
    xmlns:xsi="http://www.w3.org/2001/XMLSchema-instance"
    xsi:schemaLocation="http://www.loc.gov/MARC21/slim http://www.loc.gov/standards/marcxml/schema/MARC21slim.xsd"
    xmlns="http://www.loc.gov/MARC21/slim">

  <leader>01056nam a2200193 i 4500</leader>
  <controlfield tag="001">103078</controlfield>
  <controlfield tag="003">ES-MaACL</controlfield>
  <controlfield tag="005">20251120063137.0</controlfield>
  <controlfield tag="007">t|</controlfield>
  <controlfield tag="008">060110s1786    sp           |||| | spa d</controlfield>
  <datafield tag="100" ind1="1" ind2=" ">
    <subfield code="a">La Martini&#xE8;re, Germain Pichaut de, </subfield>
    <subfield code="d">1696-1783</subfield>
    <subfield code="9">170578</subfield>
  </datafield>
  <datafield tag="245" ind1="1" ind2="0">
    <subfield code="a">Memorial presentado a S.M. Christianisima por el primer cirujano de su Real C&#xE1;mara [G.P. de la Martini&#xE8;re] </subfield>
    <subfield code="b">: Sentencia de S.M. y reales declaraciones ulteriores, traducidas del franc&#xE9;s al espa&#xF1;ol por el L.D.J.A.C. cirujano, en defensa de los memoriales presentados al mismo soberano por su primer m&#xE9;dico, que traduxo al espa&#xF1;ol y robor&#xF3; el Dr. Don Jayme Menos, m&#xE9;dico de los Reales Exercicos de S.M. Cat&#xF3;lica.</subfield>
  </datafield>
  <datafield tag="260" ind1=" " ind2=" ">
    <subfield code="a">Barcelona : </subfield>
    <subfield code="b">por Francisco Suri&#xE1; y Burgada, imp. del Rey..., </subfield>
    <subfield code="c">1786.</subfield>
  </datafield>
  <datafield tag="300" ind1=" " ind2=" ">
    <subfield code="a">[4], 39 p. ; </subfield>
    <subfield code="c">20 cm.</subfield>
  </datafield>
  <datafield tag="530" ind1=" " ind2=" ">
    <subfield code="a">Disponible en formato digital.</subfield>
  </datafield>
  <datafield tag="852" ind1=" " ind2=" ">
    <subfield code="a">ES-MaACL</subfield>
    <subfield code="j">R-3431(15) </subfield>
    <subfield code="z">. - Ex libris de Mateo Seoane</subfield>
  </datafield>
  <datafield tag="856" ind1=" " ind2=" ">
    <subfield code="u">https://archive.org/details/b3035495x </subfield>
    <subfield code="z">Internet Archive</subfield>
  </datafield>
  <datafield tag="999" ind1=" " ind2=" ">
    <subfield code="c">103078</subfield>
    <subfield code="d">103078</subfield>
  </datafield>
  <datafield tag="952" ind1=" " ind2=" ">
    <subfield code="0">0</subfield>
    <subfield code="1">0</subfield>
    <subfield code="4">0</subfield>
    <subfield code="7">0</subfield>
    <subfield code="8">Colecci&#xF3;n_digital</subfield>
    <subfield code="a">ATENEOM</subfield>
    <subfield code="b">ATENEOM</subfield>
    <subfield code="c">DEPO</subfield>
    <subfield code="d">2008-01-17</subfield>
    <subfield code="e">SC</subfield>
    <subfield code="l">0</subfield>
    <subfield code="o">R-3431(15)</subfield>
    <subfield code="p">1107637</subfield>
    <subfield code="r">2023-02-23 00:00:00</subfield>
    <subfield code="w">2023-02-23</subfield>
    <subfield code="y">MONANT</subfield>
  </datafield>
</record>
